000 00855nam a22002897a 4500
001 BR7908934
003 BR-BrBNA
005 20230928090414.0
007 ta
008 230509b bl.||||| |||| 00| 0 por d
040 _aBR-BrBNA
_bpor
_cBiblioteca Nacional de Agricultura
041 _a(Por)
072 _aF30
_b0150
090 _ 0150 BR7908934
100 1 _aCutrim, V. dos A.
110 1 _aUniversidade Federal de Vicosa, MG (Brasil)
_0Tese (Magister Scientiae)
245 1 _aHeranca da tolerancia a toxidez pelo aluminio em arroz (Oryza sativa L.)
260 3 _aVicosa, MG (Brasil):
_c1979.
300 _a67 p.
500 _a37 tables; Bibliography p. 63-67 (54 ref.); Summary (Por)
650 _aARROZ
650 _aALUMINIO
650 _aTOXIDEZ
650 _aHEREDITARIEDADE
909 _a202309
_bLucia
_c55
_dLucia Elande
942 _cBK
999 _c28728
_d28728